[Event "ARG-chT"]
[Site "Villa Martelli"]
[Date "2018.07.07"]
[Round "1.1"]
[White "Villanueva, Mario Nicolas"]
[Black "Rago, Sergio Angel"]
[Result "1-0"]
[WhiteElo "2481"]
[BlackElo "2197"]
[PlyCount "81"]
[EventDate "2018.07.07"]
[EventType "team-swiss"]
[EventRounds "9"]
[EventCountry "ARG"]
[SourceTitle "CBM 187 Extra"]
[Source "ChessBase"]
[SourceDate "2018.11.04"]
[SourceVersion "1"]
[SourceVersionDate "2018.11.04"]
[SourceQuality "1"]
[WhiteTeam "Ushuaia Jaque Mate"]
[BlackTeam "Villa del Parque CC"]
[WhiteTeamCountry "ARG"]
[BlackTeamCountry "ARG"]

1. e4 c5 2. Nf3 Nc6 3. d4 cxd4 4. Nxd4 d6 5. Nc3 Bd7 6. Be3 Nf6 7. Be2 a6 8. g4 Nxd4 9. Bxd4 e5 10. Be3 Bc6 11. Qd3 d5 12. exd5 Nxd5 13. 0-0-0 Nf4 14. Qc4 Nxe2+ 15. Qxe2 Qa5 16. Rhe1 Bb4 17. Bd4 0-0-0 18. Qxe5 Qxe5 19. Bxe5 f6 20. Rxd8+ Rxd8 21. a3 Bc5 22. Bg3 Bf3 23. Ne4 Bf8 24. h3 Rd4 25. Nd2 Bc6 26. c3 Rd8 27. Nc4 b5 28. Ne3 a5 29. Nf5 b4 30. axb4 axb4 31. Ne7+ Bxe7 32. Rxe7 Rd7 33. Re3 Rb7 34. Kc2 b3+ 35. Kd3 Rd7+ 36. Kc4 Bd5+ 37. Kc5 Bg2 38. Bd6 Kb7 39. c4 Bf1 40. Rxb3+ Ka6 41. Kc6 1-0

[Event "LNA Puma Cup"]
[Site "Argentina"]
[Date "2006.09.03"]
[Round "1"]
[White "Ronco, Raul"]
[Black "Rago, Sergio Angel"]
[Result "0-1"]
[WhiteElo "2153"]
[BlackElo "2285"]
[PlyCount "46"]
[EventDate "2006.09.03"]
[EventType "swiss"]
[EventRounds "8"]
[EventCountry "ARG"]
[SourceTitle "EXT 2008"]
[Source "ChessBase"]
[SourceDate "2007.11.25"]
[SourceVersion "1"]
[SourceVersionDate "2007.11.25"]
[SourceQuality "1"]

1. Nf3 Nf6 2. c4 e6 3. Nc3 d5 4. d4 Bb4 5. Bg5 0-0 6. e3 c5 7. cxd5 exd5 8. Be2 h6 9. Bh4 c4 10. 0-0 Bxc3 11. bxc3 Bf5 12. Ne5 g5 13. Bg3 Ne4 14. Rc1 f6 15. Ng4 Kg7 16. Bxb8 Rxb8 17. f3 Nd6 18. Nf2 Re8 19. Qd2 Qe7 20. Nd1 b5 21. Re1 a5 22. Nf2 Qxe3 23. Qb2 b4 0-1

[Event "IECG CM.2003.0.00223 email"]
[Site "IECG email"]
[Date "2003.05.29"]
[Round "?"]
[White "Rago, Sergio Angel"]
[Black "Horak, Jiri"]
[Result "0-1"]
[WhiteElo "2285"]
[BlackElo "2207"]
[PlyCount "44"]
[EventDate "2003.05.29"]
[EventType "tourn (corr)"]
[EventRounds "6"]
[SourceTitle "Corr 2008"]
[Source "ChessBase"]
[SourceDate "2008.06.24"]
[SourceVersion "1"]
[SourceVersionDate "2008.06.24"]
[SourceQuality "1"]

1. d4 d5 2. Nf3 Nf6 3. g3 g6 4. Bg2 Bg7 5. 0-0 0-0 6. b3 Ne4 7. Bb2 c5 8. Nbd2 Nc6 9. e3 Bg4 10. h3 Nxd2 11. Qxd2 Bxf3 12. Bxf3 e6 13. Rad1 cxd4 14. exd4 Rc8 15. Rfe1 b5 16. Be2 Qb6 17. c3 Rc7 18. Ba3 b4 19. Bxb4 Nxb4 20. cxb4 Rfc8 21. Bd3 Bxd4 22. Qf4 e5 0-1

[Event "Torre Blanca ITT"]
[Site "Buenos Aires"]
[Date "1998.??.??"]
[Round "2"]
[White "Lafuente, Pablo"]
[Black "Rago, Sergio Angel"]
[Result "1/2-1/2"]
[WhiteElo "2110"]
[BlackElo "2250"]
[PlyCount "84"]
[EventDate "1998.??.??"]
[EventType "tourn"]
[EventRounds "11"]
[EventCountry "ARG"]
[EventCategory "2"]
[SourceTitle "EXT 2005"]
[Source "ChessBase"]
[SourceDate "2004.11.15"]
[SourceVersion "1"]
[SourceVersionDate "2004.11.15"]
[SourceQuality "1"]

1. e4 c5 2. c3 Nf6 3. e5 Nd5 4. d4 cxd4 5. cxd4 e6 6. Nf3 d6 7. Be2 Nc6 8. 0-0 Be7 9. exd6 Qxd6 10. Nc3 Nxc3 11. bxc3 b6 12. c4 0-0 13. Be3 Rd8 14. Rc1 Bb7 15. Qb3 Qa3 16. Rc3 Qxb3 17. axb3 Bb4 18. Rcc1 Na5 19. Ne5 Ba3 20. Rc2 Be7 21. Rb2 f6 22. Nd3 Be4 23. Nf4 Kf7 24. b4 Nc6 25. f3 Bf5 26. g4 e5 27. dxe5 fxe5 28. Nd5 Be6 29. f4 Bxd5 30. fxe5+ Kg8 31. cxd5 Nxe5 32. Rd1 Rac8 33. Bf4 Bd6 34. Ra2 Rc7 35. Rda1 Rf7 36. Bg3 Nf3+ 37. Bxf3 Bxg3 38. Be4 Be5 39. Rb1 g6 40. Kg2 Rf4 41. Bf3 Rd7 42. Rc2 Bd6 1/2-1/2

[Event "Torre Blanca ITT"]
[Site "Buenos Aires"]
[Date "1998.??.??"]
[Round "6"]
[White "Mendez, Ernesto"]
[Black "Rago, Sergio Angel"]
[Result "1/2-1/2"]
[WhiteElo "2400"]
[BlackElo "2250"]
[PlyCount "23"]
[EventDate "1998.??.??"]
[EventType "tourn"]
[EventRounds "11"]
[EventCountry "ARG"]
[EventCategory "2"]
[SourceTitle "EXT 2005"]
[Source "ChessBase"]
[SourceDate "2004.11.15"]
[SourceVersion "1"]
[SourceVersionDate "2004.11.15"]
[SourceQuality "1"]

1. d4 Nf6 2. c4 g6 3. Nf3 c5 4. d5 b5 5. cxb5 a6 6. Nc3 axb5 7. e4 b4 8. Nb5 d6 9. e5 dxe5 10. Nxe5 Bg7 11. Bc4 0-0 12. 0-0 1/2-1/2

[Event "Torre Blanca ITT"]
[Site "Buenos Aires"]
[Date "1998.??.??"]
[Round "3"]
[White "Rago, Sergio Angel"]
[Black "Crosa Coll, Martin"]
[Result "1-0"]
[WhiteElo "2255"]
[BlackElo "2225"]
[PlyCount "81"]
[EventDate "1998.??.??"]
[EventType "tourn"]
[EventRounds "11"]
[EventCountry "ARG"]
[EventCategory "2"]
[SourceTitle "EXT 2005"]
[Source "ChessBase"]
[SourceDate "2004.11.15"]
[SourceVersion "1"]
[SourceVersionDate "2004.11.15"]
[SourceQuality "1"]

1. e4 c5 2. Nf3 Nc6 3. Bb5 g6 4. 0-0 Bg7 5. Re1 Nf6 6. c3 0-0 7. e5 Nd5 8. d4 cxd4 9. cxd4 d6 10. exd6 Qxd6 11. Nc3 Bg4 12. Be2 Rfd8 13. Nb5 Qd7 14. h3 Bf5 15. Be3 a6 16. Nc3 Ndb4 17. g4 Bxg4 18. hxg4 Qxg4+ 19. Kf1 Nxd4 20. Nxd4 Qh3+ 21. Kg1 e5 22. Ne4 h6 23. a4 exd4 24. Bf4 Qh4 25. Bd2 d3 26. Bf1 Nc2 27. Qf3 Nxa1 28. Rxa1 Bxb2 29. Rb1 Be5 30. Bxd3 Qh2+ 31. Kf1 b5 32. Ke2 Bg7 33. axb5 axb5 34. Bxb5 Qe5 35. Bc4 Kh7 36. Bc3 Qe7 37. Rb7 Qxb7 38. Ng5+ hxg5 39. Qxb7 Bxc3 40. Bxf7 Bf6 41. Qe4 1-0

[Event "Torre Blanca op"]
[Site "Buenos Aires"]
[Date "1997.??.??"]
[Round "6"]
[White "Pizarro, Pablo"]
[Black "Rago, Sergio Angel"]
[Result "0-1"]
[WhiteElo "2145"]
[BlackElo "2240"]
[PlyCount "58"]
[EventDate "1997.??.??"]
[EventType "swiss"]
[EventRounds "9"]
[EventCountry "ARG"]
[SourceTitle "EXT 1999"]
[Source "ChessBase"]
[SourceDate "1998.11.16"]
[SourceVersion "1"]
[SourceVersionDate "1998.11.16"]
[SourceQuality "1"]

1. e4 c5 2. Nf3 e6 3. d4 cxd4 4. Nxd4 a6 5. Bd3 Bc5 6. Nb3 Ba7 7. 0-0 Ne7 8. Qe2 Nbc6 9. Be3 Bxe3 10. Qxe3 d6 11. Nc3 0-0 12. Kh1 e5 13. Bc4 Be6 14. Bxe6 fxe6 15. f4 exf4 16. Rxf4 Rxf4 17. Qxf4 Ng6 18. Qg3 Nge5 19. Ne2 Qf6 20. Nd2 Qh6 21. Nf3 Rf8 22. Ng5 Qf6 23. Nh3 Nc4 24. c3 Nxb2 25. Qxd6 Nc4 26. Qd7 Ne3 27. Nef4 Qxc3 28. Qd6 Kh8 29. Rg1 Qe5 0-1

[Event "Torre Blanca op"]
[Site "Buenos Aires"]
[Date "1997.??.??"]
[Round "4"]
[White "Rago, Sergio Angel"]
[Black "Campitelli, Guillermo"]
[Result "0-1"]
[WhiteElo "2240"]
[BlackElo "2185"]
[PlyCount "54"]
[EventDate "1997.??.??"]
[EventType "swiss"]
[EventRounds "9"]
[EventCountry "ARG"]
[SourceTitle "EXT 1999"]
[Source "ChessBase"]
[SourceDate "1998.11.16"]
[SourceVersion "1"]
[SourceVersionDate "1998.11.16"]
[SourceQuality "1"]

1. d4 f5 2. Nc3 Nf6 3. Bg5 d5 4. Bxf6 exf6 5. e3 Be6 6. Bd3 Nc6 7. Qf3 Qd7 8. Nge2 0-0-0 9. 0-0-0 Ne7 10. h4 Kb8 11. Ng3 g6 12. Nce2 Nc8 13. h5 Be7 14. Rh2 Qa4 15. Kb1 Nb6 16. hxg6 hxg6 17. Rdh1 Rxh2 18. Rxh2 Ba3 19. c3 Nc4 20. Bxc4 dxc4 21. bxa3 Rd6 22. Kc1 Rb6 23. d5 Qxa3+ 24. Kd2 Qxa2+ 25. Kd1 Rb1+ 26. Nc1 Qb3+ 27. Ke2 Qc2+ 0-1

[Event "Torre Blanca op"]
[Site "Buenos Aires"]
[Date "1997.??.??"]
[Round "6"]
[White "Rago, Sergio Angel"]
[Black "Scalise, Luis"]
[Result "1-0"]
[WhiteElo "2240"]
[BlackElo "2120"]
[PlyCount "73"]
[EventDate "1997.??.??"]
[EventType "swiss"]
[EventRounds "9"]
[EventCountry "ARG"]
[SourceTitle "EXT 1999"]
[Source "ChessBase"]
[SourceDate "1998.11.16"]
[SourceVersion "1"]
[SourceVersionDate "1998.11.16"]
[SourceQuality "1"]

1. e4 d5 2. Nc3 dxe4 3. Nxe4 Nc6 4. Nf3 Bg4 5. Be2 Nf6 6. h3 Bf5 7. Ng3 Bg6 8. h4 h6 9. d3 e5 10. Bd2 Bc5 11. h5 Bh7 12. Rh4 Qe7 13. b4 Nxb4 14. Rb1 e4 15. Nd4 exd3 16. cxd3 Nxd3+ 17. Kf1 0-0 18. Rb3 Bxd4 19. Bxd3 Bxd3+ 20. Rxd3 Bb6 21. Nf5 Qc5 22. Qf3 Rfd8 23. Nxh6+ Kf8 24. Bb4 Rxd3 25. Qxd3 gxh6 26. Bxc5+ Bxc5 27. Qc3 Be7 28. Rf4 Kg7 29. Qxc7 Re8 30. Qxb7 Bc5 31. Rxf6 Kxf6 32. Qc6+ Re6 33. Qxc5 a6 34. Qd4+ Kg5 35. Qg7+ Kxh5 36. Qxf7+ Rg6 37. g4+ 1-0

[Event "Buenos Aires TB"]
[Site "Buenos Aires"]
[Date "1996.??.??"]
[Round "4"]
[White "Rago, Sergio Angel"]
[Black "Fiorito, Fabian"]
[Result "0-1"]
[WhiteElo "2275"]
[BlackElo "2455"]
[PlyCount "55"]
[EventDate "1996.??.??"]
[EventType "tourn"]
[EventRounds "11"]
[EventCountry "ARG"]
[SourceTitle "EXT 2001"]
[Source "ChessBase"]
[SourceDate "2000.11.22"]
[SourceVersion "1"]
[SourceVersionDate "2000.11.22"]
[SourceQuality "1"]

1. Nf3 Nf6 2. g3 g6 3. b3 Bg7 4. Bb2 d6 5. c4 e5 6. d3 0-0 7. Bg2 Nh5 8. Qc2 f5 9. Nc3 Nc6 10. h3 Be6 11. e3 Nb4 12. Qd2 e4 13. Nd4 Bxd4 14. exd4 Nxd3+ 15. Kd1 c6 16. Bf1 Nxb2+ 17. Qxb2 d5 18. c5 b6 19. Na4 Bd7 20. Be2 Ng7 21. Kc2 Ne6 22. Rad1 Rb8 23. Kb1 Qf6 24. Qc3 h5 25. f4 exf3 26. Bxf3 f4 27. g4 Ng5 28. Rhf1 0-1

[Event "ARG-chT"]
[Site "Buenos Aires"]
[Date "1995.??.??"]
[Round "2"]
[White "Bronstein, Luis Marcos"]
[Black "Rago, Sergio Angel"]
[Result "1-0"]
[WhiteElo "2415"]
[BlackElo "2240"]
[PlyCount "65"]
[EventDate "1995.??.??"]
[EventType "team"]
[EventRounds "9"]
[EventCountry "ARG"]
[SourceTitle "EXT 1997"]
[Source "ChessBase"]
[SourceDate "1996.11.15"]
[SourceVersion "1"]
[SourceVersionDate "1996.11.15"]
[SourceQuality "1"]

1. e4 c5 2. Nf3 e6 3. d4 cxd4 4. Nxd4 a6 5. Bd3 Bc5 6. Nb3 Ba7 7. c4 Nc6 8. Qe2 Nge7 9. Be3 Bxe3 10. Qxe3 e5 11. Nc3 d6 12. Nd5 Be6 13. 0-0 0-0 14. Qb6 Qxb6 15. Nxb6 Rad8 16. Nd5 g6 17. Rad1 f5 18. f3 Rc8 19. Nb6 Rcd8 20. Bb1 a5 21. a4 Nc8 22. Nd5 b6 23. Rf2 Nb4 24. Nd2 Bd7 25. b3 Nc6 26. f4 Nd4 27. fxe5 dxe5 28. Nf3 Nxb3 29. Nxe5 Bxa4 30. exf5 Nc5 31. Re1 gxf5 32. Bxf5 Nd6 33. Ref1 1-0